Guess the movie by emojis - Statistics

General Stats
  • This quiz has been taken 1,266 times
  • The average score is 13 of 20
Answer Stats
Picture Answer % Correct
The Lion King
99%
Batman
95%
Harry Potter
95%
Finding Nemo
91%
Titanic
90%
Ghostbusters
87%
The princess and the frog
86%
Ratatouille
84%
Jaws
72%
Beauty and the Beast
69%
Planet of the apes
62%
The jungle book
62%
Twilight
62%
Alice in wonderland
58%
Freaky Friday
45%
Men in black
40%
Night at the museum
28%
The princess diaries
27%
The Lord of the rings
20%
The Witches
10%
No matching quizzes found
Score Distribution
Percent of People with Each Score
Percentile by Number Answered
Your Score History
You have not taken this quiz